000 00655nam a2200229Ia 4500
003 OSt
005 20220923221721.0
006 a|||||r|||| 00| 0
007 ta
008 220922b |||||||| |||| 00| 0 hin d
024 _a199,586
037 _cTextual
040 _aARTS
_cARTS
_bhin
041 _2hin
_ahin
082 _aQ2:22:P:4k, 152K9(RR)
100 _aमेनन, पद्मिनी
245 0 _aपुराण संदर्भ कोश
246 _aPurāṇ sandarbha kosha
260 _c1978
942 _hQ2:22:P:4k, 152K9(RR)
_cTEXL
_2CC
999 _c351326
_d351326